Central Library OPAC University of Rajshahi

The Religion of Islam : (Record no. 62735)

MARC details
000 -LEADER
fixed length control field 00711nam a2200229 a 4500
001 - CONTROL NUMBER
control field 62735
003 - CONTROL NUMBER IDENTIFIER
rucl marc code BD-RjUL
005 - DATE AND TIME OF LATEST TRANSACTION
control field 20211209081122.0
008 - FIXED-LENGTH DATA ELEMENTS--GENERAL INFORMATION
fixed length control field 170125s19501936pk 00110 eng d
035 ## - SYSTEM CONTROL NUMBER
System control number (BD-RjUL)62862
040 ## - CATALOGING SOURCE
Original cataloging agency AEAD
Transcribing agency AEAD
Language of cataloging eng
Modifying agency BD-RjUL
041 ## - LANGUAGE CODE
Language code of text/sound track or separate title eng
082 ## - DEWEY DECIMAL CLASSIFICATION NUMBER
Edition number 23
Classification number 297
Author mark and year ALR 1950
100 1# - MAIN ENTRY--PERSONAL NAME
Personal name Ali, Muhammad,
9 (RLIN) 186481
245 14 - TITLE STATEMENT
Title The Religion of Islam :
Remainder of title a comprehensive discussion of the sources, principles and practice of Islam /
Statement of responsibility, etc. by Maulana Muhammad Ali
250 ## - EDITION STATEMENT
Edition statement 2nd ed.
260 ## - PUBLICATION, DISTRIBUTION, ETC. (IMPRINT)
Place of publication, distribution, etc. Lahore :
Name of publisher, distributor, etc. Aḥmadiyyah Anjuman Is̲h̲āʻat Islām,
Date of publication, distribution, etc. 1950
300 ## - PHYSICAL DESCRIPTION
Pagination xxvii, 784 p. ;
Size 24 cm.
500 ## - GENERAL NOTE
General note Includes index.
650 #0 - SUBJECT ADDED ENTRY--TOPICAL TERM
Topical term or geographic name as entry element Islam.
9 (RLIN) 170798
942 ## - ADDED ENTRY ELEMENTS (KOHA)
Source of classification or shelving scheme Dewey Decimal Classification
Koha item type Books
Holdings
Lost status Source of classification or shelving scheme Damaged status Not for loan Collection code Permanent Location Current Location Shelving location Date acquired Source of acquisition Cost, normal purchase price Total Checkouts Full call number Date last seen Copy number Koha item type
  Dewey Decimal Classification     Non-fiction Central Library, University of Rajshahi Central Library, University of Rajshahi   21/04/1965 Iobal Library, Dhaka 15.00   297 ALR 1950 25/01/2017 C-2 Books
  Dewey Decimal Classification     Non-fiction Central Library, University of Rajshahi Central Library, University of Rajshahi   18/07/2018       297 ALR 1950 18/07/2018 C-3 Books
  Dewey Decimal Classification   Not For Loan Rare Books Central Library, University of Rajshahi Central Library, University of Rajshahi Rare Book Section 02/10/2018       RA 297 ALR 1950 02/10/2018 C-1 Rare Books